000 00487nam a2200193Ia 4500
008 220204s9999 xx 000 0 und d
082 _a581.1
_bSAN
100 _aSands, Margaret l
245 0 _aProblems in plant physiology
260 _aLondon
_bJohn Murray
_c1971
650 _aGermination
650 _aPhotosynthesis
650 _aPlant hormone
650 _aPlant physiology
650 _aRespiration
650 _aTranslocation
650 _aWater relations
942 _cBK
999 _c23622
_d23622